000 00409nam a2200157Ia 4500
008 231217s9999 xx 000 0 und d
041 _aEnglish
082 _a001.64404 BOW;1 `R'
100 _aBowen, Rich Co Bowen,Rich Coar,Ken etc
245 0 _aApache server: Unleashed
250 _a1st ed.
260 _c2000
_bMumbai : Shroff,
300 _aXVI+620
650 _aApache server
942 _cAA
999 _c167558
_d167558